000 00377nam a2200145Ia 4500
008 240624s9999 xx 000 0 und d
041 _aeng
082 _a332.6327 TWE
100 _aTWEDDELL JERRY
245 _aPICK WINNING MUTUAL FUNDS OPTIMIZE YOUR
250 _a11
260 _c2001
_aNew York
_bJohn Wiley & Sons
300 _axii, : 285 : p. : cm. ; 23
365 _c
_b30
999 _c17968
_d17968